000 00835nam a2200253Ia 4500
003 OSt
005 20221005113421.0
006 a|||||r|||| 00| 0
007 ta
008 221004b |||||||| |||| 00| 0 pan d
020 _c160
024 _a17223
037 _b928, 27/03/2015, H.K. Prakashan
_cTextual
040 _aCRL
_cCRL
_bpan
041 _2pan
_apan
082 _aY5927.2, 153P4
100 _aਸਿੰਘ, ਸਰਬਜੀਤ, ਥਦ.
245 0 _aਦਲਿਤ ਦ੍ਰਿFਟੀ
260 _aਲੁਧਿਆਣਾ
_bਚੇਤਨਾ ਪ੍ਰਕਾFਨ ਭਾਰਤ
_c2004
300 _a176ਪੰ
_ccm.
650 _aਸਮਾਜ Fਾਸਤਰ
942 _hY5927.2, 153P4
_cTEXL
_2cc
999 _c1028116
_d1028116